| 000 | 00922nam a2200241 4500 | ||
|---|---|---|---|
| 003 | OSt | ||
| 005 | 20260601193852.0 | ||
| 008 | 260420b2013 spaa|||| |||| 00| 0 spa d | ||
| 020 | _a9786074844603 | ||
| 040 |
_aICI _bspa _cICI |
||
| 050 |
_aCC135 _bC69 |
||
| 245 | 1 |
_aConvenciones UNESCO : _buna visión articulada desde Iberoamérica / _c Francisco Javier López Morales, Francisco Vidargas (editores) |
|
| 264 |
_bInstituto Nacional de Antropología e Historia : _bSEP : _bCONACULTA _bUNAM _bUNESCO, _c2013 _aMéxico, D.F. : |
||
| 300 |
_a299 páginas _bilustraciones |
||
| 336 |
_atexto _2rdacontent |
||
| 337 |
_asin medio _2rdamedia |
||
| 338 |
_avolumen _2rdacarrier |
||
| 610 | 2 |
_aUnesco _zLatín América _932492 |
|
| 650 |
_aPatrimonio cultural _xProtección _zAmérica Latina _932493 |
||
| 700 | 1 |
_aLópez Morales, Francisco Javier, _eeditor _932494 |
|
| 700 | 1 |
_aVidargas, Francisco, _eeditor _932495 |
|
| 942 |
_2lcc _cB |
||
| 999 |
_c21899 _d21899 |
||